书目信息 |
| 题名: |
微胶囊技术
|
|
| 作者: | 许时婴 编 | |
| 分册: | ||
| 出版信息: | 北京 化学工业出版社 2006 |
|
| 页数: | 333页 | |
| 开本: | 26cm | |
| 丛书名: | ||
| 单 册: | ||
| 中图分类: | TQ460.6 | |
| 科图分类: | ||
| 主题词: | 微胶囊--技术 , 微胶囊 | |
| 电子资源: | ||
| ISBN: | 7-5025-8870-1 | |
| 000 | 00909nam0 2200265 450 | |
| 001 | 012007848450 | |
| 005 | 20070522164747.37 | |
| 010 | @a7-5025-8870-1@dCNY48.00 | |
| 100 | @a20070515d2006 km y0chiy0120 ea | |
| 101 | 0 | @achi |
| 102 | @aCN@b110000 | |
| 105 | @ay z 000yy | |
| 106 | @ar | |
| 200 | 1 | @a微胶囊技术@Awei jiao nang ji shu@e原理与应用@f许时婴等编@Fxu shi ying deng bian |
| 210 | @a北京@c化学工业出版社@d2006 | |
| 215 | @a333页@d26cm | |
| 304 | @a编者还有:张晓呜、夏书芹、张文斌 | |
| 330 | @a本书介绍了微胶囊制备方法的原理以及控制释放的机理,并对微胶囊产品的质量评价与贮存稳定性做了阐述;介绍了微胶囊技术在食品、医药、化妆品、纺织品及饲料中的应用。 | |
| 517 | 1 | @a原理与应用@Ayuan li yu ying yong |
| 606 | 0 | @a微胶囊@x技术 |
| 606 | 0 | @a微胶囊 |
| 690 | @aTQ460.6@v4 | |
| 701 | 0 | @a许时婴@Axu shi ying@c(女,@f1940.2~)@4编 |
| 801 | 0 | @aCN@bRULIN@c20070522 |
| 905 | @dTQ460.6@e26@s8 | |
| 微胶囊技术:原理与应用/许时婴等编.-北京:化学工业出版社,2006 |
| 333页;26cm |
| ISBN 7-5025-8870-1:CNY48.00 |
| 本书介绍了微胶囊制备方法的原理以及控制释放的机理,并对微胶囊产品的质量评价与贮存稳定性做了阐述;介绍了微胶囊技术在食品、医药、化妆品、纺织品及饲料中的应用。 |
| ● |
| 相关链接 |
|
|
|
|
正题名:微胶囊技术
索取号:TQ460.6/26
 
预约/预借
| 序号 | 登录号 | 条形码 | 馆藏地/架位号 | 状态 | 备注 |
| 1 | 0579119 | 205791197 | 第二样本阅览室/ [索取号:TQ460.6/26] | 在馆 | |
| 2 | 0579120 | 205791204 | 第三借阅区/ [索取号:TQ460.6/26] | 在馆 | |
| 3 | 0579121 | 205791213 | 密集书库/ [索取号:TQ460.6/26] | 在馆 | |
| 4 | 0579122 | 205791222 | 第三借阅区/ [索取号:TQ460.6/26] | 在馆 | |
| 5 | 0579123 | 205791231 | 密集书库/ [索取号:TQ460.6/26] | 在馆 | |
| 6 | 0579124 | 205791240 | 密集书库/ [索取号:TQ460.6/26] | 在馆 | |
| 7 | 0579125 | 205791259 | 密集书库/ [索取号:TQ460.6/26] | 在馆 | |
| 8 | 0579126 | 205791268 | 第三借阅区/ [索取号:TQ460.6/26] | 在馆 |